000 00348nam a2200133Ia 4500
008 150202s9999 xx 000 0 und d
020 _a224030930
050 _aFIC
_bFIC
100 _aAmis, Martin.
245 _aTime's arrow /
_cMartin Amis.
260 _aLondon :
_bJonathan Cape,
_c1991.
300 _a176 pages :
_c18 cm.
650 _aFiction.
999 _c281811
_d281811